000 00577nam a2200193 a 4500
005 20230602063649.0
008 991125s1981 mx 000 0 spa u
020 _a9686052097
035 _aUPN01000006508
049 _aCG
050 4 _aPQ7297 A2
_bC33
100 1 _aAbreu Gómez, Ermilo,
_d1894-1971
_928026
245 1 0 _aCanek :
_bhistoria y leyenda de un héroe maya /
_cErmilo Abreu Gómez ; pról. de Antonio Castro Leal.
260 _aMéxico :
_bOasis,
_c1981.
300 _a147 p.
440 4 _aLos esenciales ;
_v4
650 4 _aNovela mexicana
_94557
905 _aLibro
999 _c6508
_d6508